Las obligaciones

Збережено в:
Бібліографічні деталі
Автор: Abeliuk Manasevich, René (Автор)
Формат: Книга
Мова:Іспанська
Опубліковано: Santiago Legal Publishing 2014
Редагування:6a. ed
Серія:Colección Tratados y Manuales
Предмети:
Теги: Додати тег
Немає тегів, Будьте першим, хто поставить тег для цього запису!

MARC

LEADER 00000cam a2200000 a 4500
001 UCE1613
003 CL-VaPUC
005 20220121074009.0
008 140502e20140200cl |||||||||||||||||spa|d
999 |c 355353  |d 355351 
020 |a 9789563464856o.c 
020 |a 9789563464863t.1 
020 |a 9789563464870t.2 
040 |c Pontificia Universidad Católica de Valparaíso 
082 0 4 |a 346.8302 ABE 2014  |2 21 
100 0 |a Abeliuk Manasevich, René  |e author  |9 557367 
245 1 4 |a Las obligaciones 
250 |a 6a. ed 
260 |a Santiago  |b Legal Publishing  |c 2014 
300 |a t 
490 0 |a Colección Tratados y Manuales 
583 |a last modification  |c 20140502 10:02:00  |k Rodrigo Vera 
650 0 |a Contratos  |9 255153 
650 0 |a Derecho y legislación   |9 255077 
650 0 |a Deudor y acreedor  |9 256643 
650 0 |a Obligaciones   |9 255578 
650 0 |a Responsabilidad contractual  |9 256720 
942 |c BK  |2 ddc 
945 |d 20140502 10:02:00  |a dcastane 
952 |0 0  |1 0  |3 erb  |4 0  |6 346_830200000000000_ABE_2014  |7 0  |8 A  |9 462040  |a BIBDER  |b BIBDER  |h t.1  |i 5073693  |l 18  |m 2  |o 346.8302 ABE 2014  |p 5073693  |r 2025-04-21  |s 2025-04-10  |w 2019-11-23  |y BK  |z Catalogado en:20140502  |k DER 
952 |0 0  |1 0  |3 erb  |4 0  |6 346_830200000000000_ABE_2014  |7 0  |8 A  |9 462041  |a BIBDER  |b BIBDER  |h t.2  |i 5073707  |l 12  |m 2  |o 346.8302 ABE 2014  |p 5073707  |r 2025-04-15  |s 2025-04-15  |w 2019-11-23  |y BK  |z Catalogado en:20140502  |k DER 
952 |0 0  |1 0  |3 erb  |4 0  |6 346_830200000000000_ABE_2014  |7 0  |8 A  |9 462042  |a BIBDER  |b BIBDER  |h t.2  |i 5160065  |l 5  |o 346.8302 ABE 2014  |p 5160065  |r 2025-01-08  |s 2025-01-08  |w 2019-11-23  |y BK  |z Catalogado en:20150514  |k DER 
952 |0 0  |1 0  |3 erb  |4 0  |6 346_830200000000000_ABE_2014  |7 0  |8 A  |9 462043  |a BIBDER  |b BIBDER  |h t.1  |i 5160057  |l 30  |m 6  |o 346.8302 ABE 2014  |p 5160057  |r 2025-05-09  |s 2025-04-17  |w 2019-11-23  |y BK  |z Catalogado en:20150514  |k DER 
952 |0 0  |1 0  |3 erb  |4 0  |6 346_830200000000000_ABE_2014  |7 0  |8 A  |9 462044  |a BIBDER  |b BIBDER  |h t.1  |i 5161649  |l 36  |m 8  |o 346.8302 ABE 2014  |p 5161649  |r 2025-03-31  |s 2025-03-31  |w 2019-11-23  |y BK  |z Catalogado en:20150605  |k DER 
952 |0 0  |1 0  |3 erb  |4 0  |6 346_830200000000000_ABE_2014  |7 0  |8 A  |9 462045  |a BIBDER  |b BIBDER  |h t.2  |i 5161657  |l 32  |m 2  |o 346.8302 ABE 2014  |p 5161657  |r 2025-03-31  |s 2025-03-31  |w 2019-11-23  |y BK  |z Catalogado en:20150605  |k DER 
952 |0 0  |1 0  |3 erb  |4 0  |6 346_830200000000000_ABE_2014  |7 0  |8 A  |9 462046  |a BIBDER  |b BIBDER  |h t.1  |i 5169186  |l 27  |m 1  |o 346.8302 ABE 2014  |p 5169186  |r 2025-04-22  |s 2025-04-22  |w 2019-11-23  |y BK  |z Catalogado en:20150703  |k DER 
952 |0 0  |1 0  |3 erb  |4 0  |6 346_830200000000000_ABE_2014  |7 0  |8 A  |9 462047  |a BIBDER  |b BIBDER  |h t.2  |i 5169178  |l 11  |m 1  |o 346.8302 ABE 2014  |p 5169178  |r 2024-10-21  |s 2024-10-21  |w 2019-11-23  |y BK  |z Catalogado en:20150703  |k DER